<Die> Zulässigkeit der staatlichen Einflussnahme auf den primären Rentenmarkt, speziell im Hinblick auf ­ 795 BGB

Gespeichert in:
Bibliographische Detailangaben
Format: Buch
Sprache:Deutsch
Veröffentlicht: München Beck'sche Verlagsbuchhandlung 1972
Ausgabe:1. Aufl.
Tags: Tag hinzufügen
Keine Tags, Fügen Sie das erste Tag hinzu!

MARC

LEADER 00000nam a2200000 4500
001 c038823
005 20221220103032.3
041 0 |a ger 
044 |a DE 
245 1 0 |a <Die> Zulässigkeit der staatlichen Einflussnahme auf den primären Rentenmarkt, speziell im Hinblick auf ­ 795 BGB 
250 |a 1. Aufl. 
264 1 |a München  |b Beck'sche Verlagsbuchhandlung  |c 1972 
300 |a 196 s.